| 000 | 01131cam a2200313Ia 4500 | ||
|---|---|---|---|
| 020 | _a1570394830 (Student text pt. A) | ||
| 020 | _a1570394873 (Student text pt. B) | ||
| 020 | _a1570394830 (Teacher's guide pt. A) | ||
| 020 | _a1570394873 (Teacher's guide pt. B) | ||
| 020 | _a1570394865 (Assessment resources pt. A) | ||
| 020 | _a1570394903 (Assessment resources pt. B) | ||
| 020 | _a1570394911 (Implementing the coreplus mathematics curriculum) | ||
| 020 | _a1570394997 (Scope and sequence) | ||
| 020 | _a1570394857 (Teaching resources pt. A) | ||
| 020 | _a157039489X (Teaching resources pt. B) | ||
| 040 | _cIOG | ||
| 082 | _a511 EVE 1998 A031 Or. | ||
| 245 | 0 | 0 |
_aContemporary mathematics in context : _ba unified approach. |
| 260 |
_aChicago, Ill. : _bEveryday Learning, _cc1998 |
||
| 300 |
_a2 v. : _bill. (some col.) ; _c29 cm. + _e9 teaching resources |
||
| 500 | _aIncludes indexes | ||
| 650 | 0 | _aMathematics | |
| 650 | 0 | _aMathematics | |
| 650 | 0 | _aMathematics | |
| 700 | 1 | _aCoxford, Arthur F | |
| 710 | 2 | _aCore-Plus Mathematics Project | |
| 710 | 2 | _aEveryday Learning Corporation | |
| 942 | _cEK | ||
| 999 |
_c11928 _d11928 |
||